• 首页
  • 本馆介绍
  • 公告通知
  • 最新文献
  • 馆藏检索
  • 电子资源
  • 读者导购
  • 参考咨询
  • 我的图书馆
  • 登录
  • 详细信息显示
  • 放入我的书架
  • 预约/预借图书
  • 作者相关作品
  • 分类相关作品
  • 丛书相关作品
  • 出版社相关作品

书目信息

  • 表格格式
  • 工作单格式
  • 卡片格式
题名:
全球化中的摄影文学
    
 
作者: 成东方 主编
分册:  
出版信息: 长春   吉林人民出版社  2005
页数: 394页
开本: 20cm
丛书名:
单 册:
中图分类: J40-05
科图分类:
主题词: 摄影艺术--文学理论--研究 , 摄影艺术 , 文学理论
电子资源:
ISBN: 7-206-04075-6
000 00888nam0 2200265 45
001 0120050101602
005 20070709085003.60
010    @a7-206-04075-6@dCNY31.30
092    @aCN@b470861
100    @a20051016d2005 kemy0chiy0110 ea
101 0  @achi
102    @aCN@b220000
105    @ay z 000yy
200 1  @a全球化中的摄影文学@9quan qiu hua zhong de she ying wen xue@f成东方主编
205    @a2版
210    @a长春@c吉林人民出版社@d2005
215    @a394页@d20cm
330    @a本书是社会各界专家、学者从不同角度、不同立场、不同侧面探讨全球语境中摄影文学的集大成之作,对摄影文学的基本特征、理论机制以及摄影文学的时代意义等诸多方面进行了深入的研究和阐述。
606 0  @a摄影艺术@x文学理论@x研究
606 0  @a摄影艺术
606 0  @a文学理论
690    @aJ40-05@v4
701  0 @a成东方@9cheng dong fang@4主编
801  0 @aCN@bLZJBOOK@c20070709
905    @a10447@dJ40-05@e203=2
    
    全球化中的摄影文学/成东方主编.-2版.-长春:吉林人民出版社,2005
    394页;20cm
    
    
    ISBN 7-206-04075-6:CNY31.30
    本书是社会各界专家、学者从不同角度、不同立场、不同侧面探讨全球语境中摄影文学的集大成之作,对摄影文学的基本特征、理论机制以及摄影文学的时代意义等诸多方面进行了深入的研究和阐述。
●
相关链接 在E读中查询图书 在五车中查询图书 在当当中查询图书 在豆瓣中查询图书


正题名:全球化中的摄影文学     索取号:J40-05/203=2         预约/预借

序号 登录号 条形码 馆藏地/架位号 状态 备注
1 0562781   205627810   第一样本阅览室/ [索取号:J40-05/203=2] 在馆    
2 0562782   205627829   第一借阅区/ [索取号:J40-05/203=2] 在馆    
3 0562783   205627838   第一借阅区/ [索取号:J40-05/203=2] 在馆    
4 0562784   205627847   第一借阅区/ [索取号:J40-05/203=2] 在馆    
唐山师范学院图书馆 欢迎您!
大连网信软件有限公司© 版权所有